000 00350nam a22001217a 4500
999 _c1346
_d1346
005 20200828155958.0
008 200828b ||||| |||| 00| 0 eng d
020 _a0333501403
040 _cCML
245 _aBicycle.
_cThomas, R.
260 _aHong Kong
_bRon Thomas and Jan Stutchbury
_c1989
942 _2ddc
_cBK
_e1st Edition
_h428
_mTHO